[Event "NAYCC U14"]
[Site "Toronto CAN"]
[Date "2013.08.15"]
[Round "2"]
[White "Baskaran, Karthik"]
[Black "Lee, Stefano"]
[Result "1-0"]
[WhiteElo "1382"]
[BlackElo "922"]
[PlyCount "41"]
[GameId "2160767909275837"]
[EventDate "2013.08.14"]
[EventType "swiss"]
[EventRounds "9"]
[EventCountry "CAN"]
[SourceTitle "EXT 2022"]
[Source "ChessBase"]
[SourceDate "2021.10.06"]
[SourceVersion "1"]
[SourceVersionDate "2021.10.06"]
[SourceQuality "1"]

1. e4 c6 2. d4 d5 3. exd5 cxd5 4. Nc3 Nf6 5. Bf4 Bf5 6. Nf3 Nc6 7. Bb5 a6 8. Ba4 b5 9. Bb3 e6 10. O-O Bd6 11. Ne5 Qc7 12. Re1 O-O 13. h3 Ne8 14. Nxc6 Bxf4 15. Nxd5 Qd6 16. Nxf4 Qxc6 17. d5 Qb6 18. dxe6 Rd8 19. Qf3 fxe6 20. Nxe6 Bg6 21. Qxf8# 1-0

[Event "NAYCC U14"]
[Site "Toronto CAN"]
[Date "2013.08.15"]
[Round "2"]
[White "Bellissimo, Joseph"]
[Black "Michelashvili, Alexandre"]
[Result "1-0"]
[WhiteElo "1999"]
[BlackElo "1759"]
[PlyCount "93"]
[GameId "2160767909275838"]
[EventDate "2013.08.14"]
[EventType "swiss"]
[EventRounds "9"]
[EventCountry "CAN"]
[SourceTitle "EXT 2022"]
[Source "ChessBase"]
[SourceDate "2021.10.06"]
[SourceVersion "1"]
[SourceVersionDate "2021.10.06"]
[SourceQuality "1"]

1. e4 e5 2. Nf3 Nc6 3. Bc4 Bc5 4. c3 Nf6 5. d4 exd4 6. cxd4 Bb4+ 7. Bd2 Nxe4 8. Bxb4 Nxb4 9. Bxf7+ Kxf7 10. Qb3+ d5 11. Qxb4 Rf8 12. O-O Kg8 13. Nbd2 a5 14. Qb3 Nxd2 15. Nxd2 Bf5 16. Rfe1 Ra6 17. Re5 Rd6 18. Qc3 a4 19. Rae1 Rg6 20. Qe3 Qd6 21. Nf3 Be4 22. Ng5 Bxg2 23. Re6 Rxe6 24. Qxe6+ Qxe6 25. Nxe6 Be4 26. Nxf8 Kxf8 27. f3 Bd3 28. Re3 Bb1 29. a3 Ba2 30. Kf2 Kf7 31. Ke1 b6 32. Kd2 c5 33. Kc3 Bc4 34. Re5 Bb3 35. f4 g6 36. f5 gxf5 37. Rxf5+ Kg7 38. Re5 Kf7 39. h4 Bc4 40. h5 cxd4+ 41. Kxd4 Kf6 42. Re8 Kg5 43. Re7 Kxh5 44. Rxh7+ Kg6 45. Rd7 b5 46. Rxd5 Kf6 47. Rc5 1-0

[Event "NAYCC U14"]
[Site "Toronto CAN"]
[Date "2013.08.15"]
[Round "2"]
[White "Chen, George"]
[Black "Zhang, Jeff"]
[Result "1/2-1/2"]
[WhiteElo "1158"]
[BlackElo "1493"]
[PlyCount "49"]
[GameId "2160767909275839"]
[EventDate "2013.08.14"]
[EventType "swiss"]
[EventRounds "9"]
[EventCountry "CAN"]
[SourceTitle "EXT 2022"]
[Source "ChessBase"]
[SourceDate "2021.10.06"]
[SourceVersion "1"]
[SourceVersionDate "2021.10.06"]
[SourceQuality "1"]

1. e4 c5 2. Nf3 d6 3. g3 Nc6 4. Bg2 g6 5. O-O Bg7 6. h3 e6 7. d3 Nge7 8. Nbd2 O-O 9. Re1 Rb8 10. c3 b5 11. Nf1 Bb7 12. Be3 Qc7 13. Qd2 Ne5 14. N1h2 N7c6 15. Bh6 Rfe8 16. Bxg7 Kxg7 17. d4 Nxf3+ 18. Bxf3 h5 19. dxc5 dxc5 20. Qg5 Qe7 21. Qxe7 Rxe7 22. Rad1 Ree8 23. Be2 a6 24. f4 Rbd8 25. Nf3 1/2-1/2

[Event "NAYCC U14"]
[Site "Toronto CAN"]
[Date "2013.08.15"]
[Round "2"]
[White "Cheung, Lukas"]
[Black "Forsyth, Dane"]
[Result "1-0"]
[WhiteElo "1604"]
[BlackElo "1180"]
[PlyCount "61"]
[GameId "2160767909275840"]
[EventDate "2013.08.14"]
[EventType "swiss"]
[EventRounds "9"]
[EventCountry "CAN"]

1. d4 Nf6 2. c4 e6 3. Nf3 c5 4. d5 exd5 5. cxd5 Be7 6. Nc3 d6 7. e4 a6 8. h3 b5 9. Bd3 c4 10. Bc2 Bb7 11. Bf4 Nbd7 12. O-O O-O 13. Re1 Nb6 14. a3 h6 15. Nd4 Nbd7 16. Nf5 Ne5 17. Bxe5 dxe5 18. d6 Nxe4 19. Nxe7+ Kh8 20. Bxe4 Bxe4 21. Nxe4 Qd7 22. Nc5 Qa7 23. Rxe5 Rfe8 24. d7 Rxe7 25. Rxe7 Qxc5 26. Re8+ Rxe8 27. dxe8=Q+ Kh7 28. Qc2+ g6 29. Qxf7+ Kh8 30. Qc3+ Qe5 31. Qxe5# 1-0

[Event "NAYCC U14"]
[Site "Toronto CAN"]
[Date "2013.08.15"]
[Round "2"]
[White "D'Alonzo, Joseph"]
[Black "Aghamalian, Derick"]
[Result "0-1"]
[WhiteElo "1228"]
[BlackElo "1722"]
[PlyCount "104"]
[GameId "2160767909275842"]
[EventDate "2013.08.14"]
[EventType "swiss"]
[EventRounds "9"]
[EventCountry "CAN"]
[SourceTitle "EXT 2022"]
[Source "ChessBase"]
[SourceDate "2021.10.06"]
[SourceVersion "1"]
[SourceVersionDate "2021.10.06"]
[SourceQuality "1"]

1. e4 e6 2. d4 d5 3. exd5 exd5 4. Bd3 Nf6 5. Nf3 Bg4 6. h3 Bh5 7. O-O Be7 8. Bf4 Nbd7 9. Re1 O-O 10. Nbd2 Re8 11. Nf1 c5 12. dxc5 Bxc5 13. Ng3 Bg6 14. Bxg6 fxg6 15. Qd2 Qb6 16. c3 Bd6 17. Bxd6 Qxd6 18. Re2 Rxe2 19. Qxe2 Re8 20. Qd2 Ne5 21. Nxe5 Qxe5 22. Qd4 Qxd4 23. cxd4 Re6 24. Rc1 Rc6 25. Rxc6 bxc6 26. Kf1 Kf7 27. Ke2 Nh5 28. Nxh5 gxh5 29. Ke3 Ke6 30. Kf4 Kf6 31. h4 h6 32. a3 a5 33. b3 g5+ 34. hxg5+ hxg5+ 35. Ke3 Kf5 36. a4 Ke6 37. Kd3 Kd6 38. Kc3 c5 39. dxc5+ Kxc5 40. f3 h4 41. b4+ axb4+ 42. Kb3 d4 43. a5 d3 44. a6 Kb6 45. a7 Kxa7 46. Kb2 Kb6 47. Kc1 Kc5 48. Kd2 Kd4 49. Kc1 Kc3 50. Kd1 b3 51. Kc1 d2+ 52. Kd1 Kd3 0-1

[Event "NAYCC U14"]
[Site "Toronto CAN"]
[Date "2013.08.15"]
[Round "2"]
[White "Doknjas, John"]
[Black "Wang, Eric1"]
[Result "1-0"]
[WhiteElo "2086"]
[BlackElo "1870"]
[PlyCount "65"]
[GameId "2160767909275844"]
[EventDate "2013.08.14"]
[EventType "swiss"]
[EventRounds "9"]
[EventCountry "CAN"]
[SourceTitle "EXT 2022"]
[Source "ChessBase"]
[SourceDate "2021.10.06"]
[SourceVersion "1"]
[SourceVersionDate "2021.10.06"]
[SourceQuality "1"]

1. d4 Nf6 2. c4 e6 3. Nc3 b6 4. a3 Bb7 5. d5 Be7 6. g3 d6 7. Bg2 Nbd7 8. Nf3 O-O 9. b4 a5 10. Rb1 Ng4 11. O-O e5 12. h3 Ngf6 13. Nd2 g6 14. Kh2 Ne8 15. e4 Bf6 16. Nb3 axb4 17. axb4 Ba6 18. Qd3 Bg7 19. Ne2 f5 20. exf5 gxf5 21. Qc2 Qe7 22. f4 Kh8 23. Bb2 e4 24. Ned4 Rg8 25. Nxf5 Qf8 26. Nxg7 Nxg7 27. Bxe4 Nf6 28. Bd3 Ngh5 29. g4 Qg7 30. Qf2 Nxg4+ 31. hxg4 Nf6 32. Bxf6 Qxf6 33. Qd4 1-0

[Event "NAYCC U14"]
[Site "Toronto CAN"]
[Date "2013.08.15"]
[Round "2"]
[White "Guo, Richard"]
[Black "Yu, Wenlu"]
[Result "1-0"]
[WhiteElo "1766"]
[BlackElo "2002"]
[PlyCount "87"]
[GameId "2160767909275845"]
[EventDate "2013.08.14"]
[EventType "swiss"]
[EventRounds "9"]
[EventCountry "CAN"]
[SourceTitle "EXT 2022"]
[Source "ChessBase"]
[SourceDate "2021.10.06"]
[SourceVersion "1"]
[SourceVersionDate "2021.10.06"]
[SourceQuality "1"]

1. e4 c5 2. Nc3 g6 3. f4 Bg7 4. Nf3 d6 5. Bc4 e6 6. d3 Ne7 7. O-O Nbc6 8. a3 O-O 9. Qe1 d5 10. Ba2 b6 11. e5 a6 12. Ne2 Bb7 13. Qh4 Nf5 14. Qh3 Rc8 15. g4 Nfe7 16. Ng3 b5 17. Ng5 h6 18. Nf3 Qb6 19. f5 exf5 20. gxf5 c4+ 21. Kh1 Nxe5 22. Nxe5 Bxe5 23. Bxh6 Bxg3 24. Qxg3 d4+ 25. Kg1 Rfe8 26. f6 Qc6 27. fxe7 Rxe7 28. Rae1 Rce8 29. Kf2 cxd3 30. cxd3 Kh7 31. Bd2 Kg7 32. Rxe7 Rxe7 33. Rc1 Qd7 34. Qf4 Qh3 35. Rg1 f6 36. Bb4 Re5 37. Bf8+ Kh7 38. Bg8+ Kxg8 39. Rxg6+ Kf7 40. Qxf6+ Ke8 41. Qxe5+ Kd8 42. Rd6+ Kc8 43. Qe8+ Kc7 44. Qd8# 1-0

[Event "NAYCC U14"]
[Site "Toronto CAN"]
[Date "2013.08.15"]
[Round "2"]
[White "Handigol, Abhishek"]
[Black "Sirkovich, Daniel"]
[Result "1-0"]
[WhiteElo "2023"]
[BlackElo "1768"]
[PlyCount "79"]
[GameId "2160767909275846"]
[EventDate "2013.08.14"]
[EventType "swiss"]
[EventRounds "9"]
[EventCountry "CAN"]
[SourceTitle "EXT 2022"]
[Source "ChessBase"]
[SourceDate "2021.10.06"]
[SourceVersion "1"]
[SourceVersionDate "2021.10.06"]
[SourceQuality "1"]

1. e4 c5 2. b4 e6 3. bxc5 Bxc5 4. d4 Be7 5. Nf3 Nc6 6. c3 Qc7 7. Bd3 Nf6 8. O-O b6 9. Re1 Bb7 10. Qc2 Rc8 11. Na3 a6 12. Bb2 b5 13. Rac1 Qa5 14. Qb3 O-O 15. d5 Nb8 16. c4 Qb4 17. d6 Qxb3 18. axb3 Bxd6 19. e5 Bxf3 20. gxf3 Bxe5 21. Bxe5 bxc4 22. Nxc4 Nd5 23. Bd6 Rfd8 24. Ne3 Nf6 25. b4 Nc6 26. Bxa6 Ra8 27. Bb7 Ra7 28. Bxc6 dxc6 29. Rxc6 Rad7 30. Bc5 Nh5 31. Bb6 Ra8 32. Rec1 h6 33. Rc8+ Rxc8 34. Rxc8+ Kh7 35. Rd8 Rb7 36. Ba5 Nf4 37. Kf1 Kg6 38. Ke1 Rb5 39. Kd2 Re5 40. Bc7 1-0

[Event "NAYCC U14"]
[Site "Toronto CAN"]
[Date "2013.08.15"]
[Round "2"]
[White "Hua, Justin"]
[Black "Huang, Patrick"]
[Result "0-1"]
[WhiteElo "1210"]
[BlackElo "1632"]
[PlyCount "112"]
[GameId "2160767909275847"]
[EventDate "2013.08.14"]
[EventType "swiss"]
[EventRounds "9"]
[EventCountry "CAN"]
[SourceTitle "EXT 2022"]
[Source "ChessBase"]
[SourceDate "2021.10.06"]
[SourceVersion "1"]
[SourceVersionDate "2021.10.06"]
[SourceQuality "1"]

1. e4 c5 2. Nc3 Nc6 3. Nf3 g6 4. Bc4 Bg7 5. O-O Nf6 6. d3 a6 7. a4 O-O 8. Be3 d6 9. Qd2 Ng4 10. Bg5 Nge5 11. Nxe5 Nxe5 12. Bd5 Re8 13. Qf4 Qb6 14. Bb3 c4 15. dxc4 Be6 16. Nd5 Bxd5 17. cxd5 f6 18. Qe3 Qb4 19. Bf4 Nd7 20. Qh3 Nc5 21. Rfe1 f5 22. f3 Bxb2 23. Rab1 Rf8 24. Bh6 fxe4 25. Bxf8 Rxf8 26. fxe4 Bd4+ 27. Kh1 Be5 28. Qg4 Qd2 29. Rf1 Bf6 30. Rbd1 Qe3 31. Qf3 Qxe4 32. Qxe4 Nxe4 33. Rde1 Nc3 34. Re3 Rc8 35. Rff3 Kf7 36. Kg1 b6 37. g4 Kg7 38. Kg2 Rc5 39. Rd3 Rc7 40. Kf2 Ne4+ 41. Ke2 Kh6 42. Rde3 Nc3+ 43. Kf1 Kg5 44. Ke1 Rc5 45. Kd2 Nxd5 46. Bxd5 Rxd5+ 47. Rd3 Ra5 48. Ra3 Kxg4 49. Rg3+ Kf5 50. Rgf3+ Ke6 51. Rfb3 Bd4 52. Rh3 h5 53. Rhg3 g5 54. c3 Bc5 55. Ra1 g4 56. h3 Bf2 0-1

[Event "NAYCC U14"]
[Site "Toronto CAN"]
[Date "2013.08.15"]
[Round "2"]
[White "Karp, Eli"]
[Black "Bian, Alex"]
[Result "0-1"]
[WhiteElo "1843"]
[BlackElo "2059"]
[PlyCount "120"]
[GameId "2160767909275848"]
[EventDate "2013.08.14"]
[EventType "swiss"]
[EventRounds "9"]
[EventCountry "CAN"]
[SourceTitle "EXT 2022"]
[Source "ChessBase"]
[SourceDate "2021.10.06"]
[SourceVersion "1"]
[SourceVersionDate "2021.10.06"]
[SourceQuality "1"]

1. d4 Nf6 2. Nf3 e6 3. Bf4 c5 4. c3 b6 5. e3 Bb7 6. Nbd2 Be7 7. h3 O-O 8. Bd3 d5 9. O-O Nbd7 10. Ne5 Ne4 11. Ndf3 f6 12. Nxd7 Qxd7 13. Qc2 Rac8 14. Nd2 g5 15. Bh2 Nxd2 16. Qxd2 Bd6 17. Bxd6 Qxd6 18. Qe2 e5 19. Bf5 Rc7 20. Rad1 Re7 21. Qh5 e4 22. h4 Ba6 23. Rfe1 Bd3 24. hxg5 fxg5 25. g4 Qf6 26. Rd2 c4 27. Kg2 h6 28. Rh1 Kg7 29. Rh3 b5 30. f3 a5 31. Rf2 Qd6 32. f4 gxf4 33. Rxf4 Be2 34. Bg6 Rh8 35. Rf7+ Rxf7 36. Bxf7 Qf6 37. Bxd5 Bf1+ 38. Kg1 Bxh3 39. Qxh3 Rf8 40. Qg2 Qf3 41. Qxf3 Rxf3 42. Bxe4 Rxe3 43. Bc6 b4 44. Kf2 Rd3 45. d5 bxc3 46. bxc3 Kf6 47. a4 Ke5 48. Ke2 Rxc3 49. Kd2 Rg3 50. Bd7 Kxd5 51. Bf5 Kd4 52. Kc2 Rg2+ 53. Kd1 c3 54. Kc1 Kc4 55. Bc2 Rg1+ 56. Bd1 Kd3 57. Kb1 c2+ 58. Ka2 cxd1=Q 59. g5 Qc2+ 60. Ka3 Ra1# 0-1

[Event "NAYCC U14"]
[Site "Toronto CAN"]
[Date "2013.08.15"]
[Round "2"]
[White "Kong, Aaron"]
[Black "Ye, Hanyuan"]
[Result "1/2-1/2"]
[WhiteElo "1154"]
[BlackElo "1971"]
[PlyCount "107"]
[GameId "2160767909275849"]
[EventDate "2013.08.14"]
[EventType "swiss"]
[EventRounds "9"]
[EventCountry "CAN"]
[SourceTitle "EXT 2022"]
[Source "ChessBase"]
[SourceDate "2021.10.06"]
[SourceVersion "1"]
[SourceVersionDate "2021.10.06"]
[SourceQuality "1"]

1. e4 e6 2. d4 d5 3. exd5 exd5 4. Bd3 Bd6 5. Nf3 Ne7 6. O-O O-O 7. Be3 Bf5 8. Re1 Nd7 9. Nc3 c6 10. Ne2 Qc7 11. Ng3 Bxd3 12. Qxd3 Ng6 13. Nf5 Nf6 14. Nxd6 Qxd6 15. a3 Ne4 16. Nd2 Rfe8 17. f3 Nxd2 18. Qxd2 Re7 19. Bf2 Rae8 20. Bg3 Qf6 21. c3 Nh4 22. Rxe7 Rxe7 23. Re1 Nf5 24. Rxe7 Qxe7 25. Qf2 Qe3 26. Qxe3 Nxe3 27. Bf4 Nc4 28. Bc1 f6 29. g3 Kf7 30. Kf2 Ke6 31. b3 Na5 32. b4 Nc4 33. h3 b5 34. g4 Nd6 35. Kg3 f5 36. Kh4 h6 37. Kh5 Kf6 38. Bf4 Nf7 39. Be5+ Ke6 40. Bxg7 Ng5 41. f4 Nxh3 42. Bxh6 fxg4 43. Kxg4 Nf2+ 44. Kg5 Ne4+ 45. Kg6 Nd6 46. Bg7 Nf5 47. Be5 a6 48. Kg5 Ne3 49. Kg6 Nf5 50. Kg5 Ne3 51. Kg6 Nf5 52. Kg5 Ne3 53. Kg6 Nf5 54. Kg5 1/2-1/2

[Event "NAYCC U14"]
[Site "Toronto CAN"]
[Date "2013.08.15"]
[Round "2"]
[White "Lei, Sean"]
[Black "Song, Eric"]
[Result "1-0"]
[WhiteElo "1310"]
[BlackElo "1759"]
[PlyCount "159"]
[GameId "2160767909275850"]
[EventDate "2013.08.14"]
[EventType "swiss"]
[EventRounds "9"]
[EventCountry "CAN"]
[SourceTitle "EXT 2022"]
[Source "ChessBase"]
[SourceDate "2021.10.06"]
[SourceVersion "1"]
[SourceVersionDate "2021.10.06"]
[SourceQuality "1"]

1. e4 e5 2. Nf3 Nc6 3. d4 exd4 4. Bc4 d6 5. Nxd4 g6 6. Nc3 Bg7 7. Nxc6 bxc6 8. Qf3 Qf6 9. Qg3 Ne7 10. Bb3 Be6 11. Bg5 Qe5 12. Qh4 Bxb3 13. axb3 f6 14. Bh6 Kf7 15. Bxg7 Kxg7 16. O-O g5 17. Qg3 d5 18. exd5 cxd5 19. Rfe1 Qxg3 20. fxg3 Kf7 21. Ra6 Rhd8 22. Nb5 Rd7 23. Rd1 c6 24. Nd4 Rc8 25. Re1 Rcc7 26. c3 Rb7 27. Ra5 Rd6 28. Kf2 Nc8 29. g4 Nb6 30. Rea1 Nc8 31. b4 Ke8 32. b3 Kd8 33. Rc5 Ne7 34. Rca5 Nc8 35. Kg3 Kd7 36. Ra6 Kc7 37. Re1 Rb6 38. Ra5 Kd7 39. Ra2 Kd8 40. Rae2 a6 41. Re8+ Kc7 42. Rh8 Rd7 43. Ne6+ Kd6 44. Nc5 Rf7 45. Rxc8 Re7 46. Rd8+ Kc7 47. Rxe7+ Kxd8 48. Rxh7 Ke8 49. Rb7 Rb5 50. Ra7 Rb8 51. Rxa6 d4 52. Rxc6 dxc3 53. Nd3 Rd8 54. Rxc3 Rd5 55. Nc5 f5 56. gxf5 Rxf5 57. b5 Rf6 58. Na4 g4 59. b6 Rf5 60. b7 Rb5 61. Rc8+ Kd7 62. b8=Q Rxb8 63. Rxb8 Kc7 64. Kxg4 Kxb8 65. h4 Kc7 66. h5 Kc6 67. h6 Kb5 68. h7 Kb4 69. h8=Q Ka3 70. b4 Kxa4 71. b5 Kxb5 72. Qc3 Kb6 73. Qc4 Kb7 74. Qc5 Kb8 75. Qe7 Kc8 76. Kf5 Kb8 77. Ke6 Kc8 78. Kd6 Kb8 79. Kc6 Ka8 80. Qb7# 1-0

[Event "NAYCC U14"]
[Site "Toronto CAN"]
[Date "2013.08.15"]
[Round "2"]
[White "Luo, Alan"]
[Black "Katznelson, Roy"]
[Result "1-0"]
[WhiteElo "1479"]
[BlackElo "998"]
[PlyCount "119"]
[GameId "2160767909275851"]
[EventDate "2013.08.14"]
[EventType "swiss"]
[EventRounds "9"]
[EventCountry "CAN"]
[SourceTitle "EXT 2022"]
[Source "ChessBase"]
[SourceDate "2021.10.06"]
[SourceVersion "1"]
[SourceVersionDate "2021.10.06"]
[SourceQuality "1"]

1. e4 c6 2. d4 d5 3. exd5 cxd5 4. c4 Nf6 5. Nc3 e6 6. Nf3 b6 7. Be2 Be7 8. O-O O-O 9. Bf4 Nc6 10. Rc1 Bd6 11. Bg3 Bxg3 12. fxg3 Ne4 13. cxd5 Nxc3 14. Rxc3 Qxd5 15. Bc4 Qd6 16. Qd3 Rd8 17. Rd1 Nb4 18. Qe4 Rb8 19. a3 Bb7 20. Qe3 Nd5 21. Bxd5 Qxd5 22. Qf4 Re8 23. Rc7 e5 24. Qc1 Rbd8 25. Qc2 e4 26. Ne5 Rxe5 27. Rxb7 Qxb7 28. dxe5 Rxd1+ 29. Qxd1 Qe7 30. Qd5 Qc5+ 31. Qxc5 bxc5 32. Kf2 Kf8 33. Ke3 Ke7 34. Kxe4 Ke6 35. g4 g5 36. b3 a5 37. a4 h6 38. h3 f6 39. exf6 Kxf6 40. Kd5 Kg6 41. Kxc5 h5 42. Kb5 hxg4 43. hxg4 Kf6 44. Kxa5 Ke5 45. g3 Kd5 46. b4 Kc6 47. b5+ Kb7 48. b6 Kb8 49. Kb5 Kb7 50. a5 Kb8 51. Kc6 Ka8 52. b7+ Kb8 53. a6 Ka7 54. Kc7 Kxa6 55. b8=Q Ka5 56. Kc6 Ka4 57. Kc5 Ka3 58. Kc4 Ka2 59. Kc3 Ka1 60. Qb2# 1-0

[Event "NAYCC U14"]
[Site "Toronto CAN"]
[Date "2013.08.15"]
[Round "2"]
[White "Pillai, Kadhir A"]
[Black "Zhong, Joey"]
[Result "1/2-1/2"]
[WhiteElo "2134"]
[BlackElo "1901"]
[PlyCount "58"]
[GameId "2160767909284044"]
[EventDate "2013.08.14"]
[EventType "swiss"]
[EventRounds "9"]
[EventCountry "CAN"]
[SourceTitle "EXT 2022"]
[Source "ChessBase"]
[SourceDate "2021.10.06"]
[SourceVersion "1"]
[SourceVersionDate "2021.10.06"]
[SourceQuality "1"]

1. e4 c5 2. Nf3 e6 3. d4 cxd4 4. Nxd4 Nc6 5. Nc3 Qc7 6. Be2 a6 7. O-O Nf6 8. Be3 Bb4 9. f3 d5 10. exd5 exd5 11. Kh1 O-O 12. Nxc6 bxc6 13. Bd4 Qf4 14. Bf2 Nh5 15. Nxd5 cxd5 16. Qxd5 Bf5 17. g3 Qg5 18. g4 Nf4 19. Qc4 Be6 20. Qxb4 Nxe2 21. Qe4 Rac8 22. Qxe2 Bc4 23. Qe4 Bxf1 24. Rxf1 Qd2 25. Qe5 Rfe8 26. Qg3 Rxc2 27. Re1 Rxe1+ 28. Bxe1 Qd8 29. Qe5 h6 1/2-1/2

[Event "NAYCC U14"]
[Site "Toronto CAN"]
[Date "2013.08.15"]
[Round "2"]
[White "Roque Sola, Jose Luis"]
[Black "Saha, Ananda"]
[Result "1/2-1/2"]
[WhiteElo "1747"]
[BlackElo "1806"]
[PlyCount "165"]
[GameId "2160767909284045"]
[EventDate "2013.08.14"]
[EventType "swiss"]
[EventRounds "9"]
[EventCountry "CAN"]
[SourceTitle "EXT 2022"]
[Source "ChessBase"]
[SourceDate "2021.10.06"]
[SourceVersion "1"]
[SourceVersionDate "2021.10.06"]
[SourceQuality "1"]

1. e4 e5 2. Nf3 Nc6 3. Bb5 a6 4. Ba4 Nf6 5. O-O b5 6. Bb3 Bc5 7. d3 O-O 8. Bg5 d6 9. a4 b4 10. c3 Be6 11. Nbd2 Rb8 12. Bc4 a5 13. Qc2 h6 14. Be3 Ng4 15. Bxc5 dxc5 16. h3 Nf6 17. Bxe6 fxe6 18. Nc4 Nh5 19. Kh2 Rxf3 20. gxf3 Qf6 21. Qd2 Nf4 22. Rg1 Qh4 23. Rg3 Rd8 24. Ne3 Rxd3 25. Qe1 Nh5 26. Qe2 Qd8 27. Nd5 Nf4 28. Nxf4 exf4 29. Rgg1 Ne5 30. Rad1 c4 31. cxb4 Qb8 32. Kg2 Qxb4 33. Qe1 Qe7 34. Rxd3 cxd3 35. Qc3 Qd6 36. Rd1 c5 37. b3 Qc7 38. Rxd3 Nxd3 39. Qxd3 Kf7 40. Qb5 g5 41. Qc4 Qb6 42. Qd3 Qb4 43. e5 Qd4 44. Qh7+ Ke8 45. Qg8+ Ke7 46. Qg7+ Ke8 47. Qg6+ Ke7 48. Qf6+ Kd7 49. Qf7+ Kd8 50. Qxe6 Kc7 51. Qf7+ Kd8 52. e6 Qd6 53. Qf6+ Qe7 54. Qc3 Qxe6 55. Qxa5+ Kd7 56. Qb5+ Qc6 57. Qd3+ Kc7 58. Qe4 Qd6 59. a5 Kb8 60. Qh7 Ka8 61. Qf7 Kb8 62. Qe8+ Ka7 63. Qb5 Qc7 64. Kf1 Qd6 65. Kg2 Qc7 66. Qd3 Qc6 67. Qe4 Qd6 68. Qe2 Kb7 69. Qb5+ Ka7 70. Qc4 Kb7 71. Qe2 Ka7 72. Kf1 Qa6 73. Ke1 Qxe2+ 74. Kxe2 Ka6 75. Kd3 Kxa5 76. Kc4 Kb6 77. b4 cxb4 78. Kxb4 Kc6 79. Kc4 Kd6 80. Kd4 Ke6 81. Ke4 Kf6 82. Kd5 Kf5 83. Kd4 1/2-1/2

[Event "NAYCC U14"]
[Site "Toronto CAN"]
[Date "2013.08.15"]
[Round "2"]
[White "Tanenbaum, Zachary Chen"]
[Black "Dommalapati, Abhinay"]
[Result "1-0"]
[WhiteElo "2143"]
[BlackElo "1945"]
[PlyCount "57"]
[GameId "2160767909284046"]
[EventDate "2013.08.14"]
[EventType "swiss"]
[EventRounds "9"]
[EventCountry "CAN"]
[SourceTitle "EXT 2022"]
[Source "ChessBase"]
[SourceDate "2021.10.06"]
[SourceVersion "1"]
[SourceVersionDate "2021.10.06"]
[SourceQuality "1"]

1. e4 e6 2. d4 d5 3. Nc3 Nf6 4. Bg5 Be7 5. e5 Nfd7 6. h4 h6 7. Bxe7 Qxe7 8. Qg4 Kf8 9. O-O-O a6 10. f4 c5 11. dxc5 Nc6 12. Nf3 Nxc5 13. Bd3 b5 14. Rh3 h5 15. Qg5 Qxg5 16. hxg5 g6 17. g4 Kg7 18. Rdh1 Bb7 19. gxh5 d4 20. Ne4 Nxe5 21. h6+ Kf8 22. Nxc5 Bxf3 23. fxe5 Bxh1 24. Rxh1 Ke7 25. Ne4 Rad8 26. Nd6 Rb8 27. Rf1 Rbf8 28. Rf4 Rh7 29. Rxd4 1-0

[Event "NAYCC U14"]
[Site "Toronto CAN"]
[Date "2013.08.15"]
[Round "2"]
[White "Tao, Jeffrey"]
[Black "Yanchev, Venelin"]
[Result "1-0"]
[WhiteElo "1958"]
[BlackElo "550"]
[PlyCount "39"]
[GameId "2160767739919899"]
[EventDate "2013.08.14"]
[EventType "swiss"]
[EventRounds "9"]
[EventCountry "CAN"]
[SourceTitle "EXT 2022"]
[Source "ChessBase"]
[SourceDate "2021.10.06"]
[SourceVersion "1"]
[SourceVersionDate "2021.10.06"]
[SourceQuality "1"]

1. e4 e6 2. Qe2 d5 3. exd5 Qxd5 4. Nc3 Qf5 5. d4 Bb4 6. Nf3 Bxc3+ 7. bxc3 Nc6 8. Qd3 Nge7 9. c4 O-O 10. c3 Rd8 11. Qxf5 Nxf5 12. Bf4 Rd7 13. O-O-O Nfe7 14. g3 f5 15. Re1 Kf8 16. Ng5 h6 17. Nxe6+ Kf7 18. d5 Nxd5 19. cxd5 Re7 20. Bxc7 {...} 1-0

[Event "NAYCC U14"]
[Site "Toronto CAN"]
[Date "2013.08.15"]
[Round "2"]
[White "Valdez Torres, Nestor Josue"]
[Black "Graif, William"]
[Result "0-1"]
[WhiteElo "1903"]
[BlackElo "2096"]
[PlyCount "52"]
[GameId "2160767909284047"]
[EventDate "2013.08.14"]
[EventType "swiss"]
[EventRounds "9"]
[EventCountry "CAN"]
[SourceTitle "EXT 2022"]
[Source "ChessBase"]
[SourceDate "2021.10.06"]
[SourceVersion "1"]
[SourceVersionDate "2021.10.06"]
[SourceQuality "1"]

1. d4 Nf6 2. c4 e6 3. Nc3 Bb4 4. e3 b6 5. Nge2 Ne4 6. Bd2 Nxd2 7. Qxd2 Bb7 8. a3 Be7 9. b4 c5 10. bxc5 bxc5 11. d5 Ba6 12. Ng3 d6 13. Bd3 Nd7 14. O-O Ne5 15. Qc2 Qa5 16. dxe6 fxe6 17. Bxh7 Bxc4 18. Rfc1 Qa6 19. Rd1 Rb8 20. Rab1 Rxb1 21. Qxb1 Qb6 22. Qe4 Qc6 23. Bg6+ Kf8 24. Qf4+ Bf6 25. Bc2 Rh4 26. Ba4 Qa6 0-1

[Event "NAYCC U14"]
[Site "Toronto CAN"]
[Date "2013.08.15"]
[Round "2"]
[White "Yaskolko, Alexander"]
[Black "Balachandran, Shesan"]
[Result "1-0"]
[WhiteElo "1720"]
[BlackElo "1227"]
[PlyCount "63"]
[GameId "2160767909284048"]
[EventDate "2013.08.14"]
[EventType "swiss"]
[EventRounds "9"]
[EventCountry "CAN"]
[SourceTitle "EXT 2022"]
[Source "ChessBase"]
[SourceDate "2021.10.06"]
[SourceVersion "1"]
[SourceVersionDate "2021.10.06"]
[SourceQuality "1"]

1. e4 e5 2. Nf3 Nc6 3. Bb5 a6 4. Ba4 b5 5. Bb3 Be7 6. O-O Nf6 7. Re1 O-O 8. c3 Bb7 9. d4 exd4 10. cxd4 Na5 11. Bc2 d5 12. e5 Nd7 13. Qd3 g6 14. Nbd2 c5 15. e6 fxe6 16. Rxe6 Rf6 17. Ng5 Rxe6 18. Nxe6 Qb6 19. Qh3 Nf8 20. Nxc5 Bxc5 21. dxc5 Qxc5 22. Bd3 Re8 23. Nf3 Nc4 24. b3 Ne5 25. Nxe5 Qc3 26. Rb1 Qxe5 27. Bb2 Qe6 28. Qh6 Qe7 29. h4 Rd8 30. h5 gxh5 31. Bf6 Rd6 32. Qg5+ 1-0

[Event "NAYCC U14"]
[Site "Toronto CAN"]
[Date "2013.08.15"]
[Round "3"]
[White "Aghamalian, Derick"]
[Black "Valdez Torres, Nestor Josue"]
[Result "1/2-1/2"]
[WhiteElo "1722"]
[BlackElo "1903"]
[PlyCount "36"]
[GameId "2160767909284049"]
[EventDate "2013.08.14"]
[EventType "swiss"]
[EventRounds "9"]
[EventCountry "CAN"]
[SourceTitle "EXT 2022"]
[Source "ChessBase"]
[SourceDate "2021.10.06"]
[SourceVersion "1"]
[SourceVersionDate "2021.10.06"]
[SourceQuality "1"]

1. e4 c5 2. Nf3 d6 3. d4 cxd4 4. Nxd4 Nf6 5. Nc3 g6 6. Be3 Bg7 7. Be2 O-O 8. O-O Nc6 9. Kh1 d5 10. exd5 Nb4 11. d6 Qxd6 12. Bf3 a6 13. Ne4 Nxe4 14. Bxe4 Rd8 15. c3 Nd5 16. Bxd5 Qxd5 17. Nb3 Qxd1 18. Raxd1 Bf5 1/2-1/2